| 000 | 00805nam a22002297a 4500 | ||
|---|---|---|---|
| 999 |
_c21182 _d21182 |
||
| 003 | AR-CdUCM | ||
| 008 | 190325b ||||| |||| 00| 0 spa d | ||
| 040 |
_aMUNICIPALIDAD PROVINCIAL DEL CUSCO _cBIBLIOTECA MUNICIPAL DEL CUSCO |
||
| 082 |
_a869.56 / B25P _bB25P |
||
| 100 |
_aBarrera Reyes, Luis Alberto _95657 |
||
| 245 | _aPoemas para el día de la Madre / | ||
| 260 |
_aCusco : _bEditorial Gráfica Hanaq, _c2017. |
||
| 300 |
_a50 páginas ; _c21 cm. |
||
| 505 | _aPoemas: Para las que están, para las que ya se fueron y por las que están por venir ¡Feliz día Mamá! | ||
| 650 |
_aPoesías peruanas _91481 |
||
| 650 |
_aPoemas _944265 |
||
| 650 |
_aLiteratos cusqueños _944145 |
||
| 650 |
_aLiteratura cusqueña _944266 |
||
| 650 |
_aSiglo XXI _92856 |
||
| 942 |
_2ddc _cLIBROS |
||
| 945 | _aRoel | ||